| Tag |
First Indicator |
Second Indicator |
Subfields |
| LEADER |
00000cam a2200000 4500 |
| 001 |
in00000031885 |
| 005 |
20151007063143.0 |
| 008 |
720404s1954 ncu b 001 0 eng u |
| 010 |
|
|
|a 54010987
|
| 035 |
|
|
|a (OCoLC)00275662
|
| 035 |
|
|
|9 AAD6696AM
|
| 040 |
|
|
|c WSU
|d OCL
|d TXA
|d UtOrBLW
|
| 049 |
|
|
|a TXAM
|c [247099]
|
| 050 |
|
0 |
|a PS2957
|b .F6
|
| 092 |
|
|
|a 813
|b S892Yf
|
| 100 |
1 |
|
|a Foster, Charles H.
|q (Charles Howell),
|d 1913-
|
| 245 |
1 |
4 |
|a The rungless ladder ;
|b Harriet Beecher Stowe and New England Puritanism /
|c by Charles H. Foster.
|
| 264 |
|
1 |
|a Durham :
|b Duke University Press,
|c 1954.
|
| 300 |
|
|
|a 278 pages ;
|c 22 cm.
|
| 336 |
|
|
|a text
|b txt
|2 rdacontent
|
| 337 |
|
|
|a unmediated
|b n
|2 rdamedia
|
| 338 |
|
|
|a volume
|b nc
|2 rdacarrier
|
| 504 |
|
|
|a Includes bibliographical references and index.
|
| 600 |
1 |
0 |
|a Stowe, Harriet Beecher,
|d 1811-1896.
|
| 999 |
|
|
|a MARS
|
| 999 |
f |
f |
|s 87df1373-f4d1-31cc-8123-1c36b963c100
|i 3d2c3513-4c62-3ada-b583-b0959db61c69
|t 0
|
| 952 |
f |
f |
|p ric
|a Texas A&M University
|b Rellis Campus
|c Joint Library Facility
|d Remote Storage
|t 0
|e PS2957 .F6
|h Library of Congress classification
|i unmediated -- volume
|m A14801252186
|
| 998 |
f |
f |
|a PS2957 .F6
|t 0
|l Remote Storage
|